Mountains of India / (Record no. 148046)

MARC details
000 -LEADER
fixed length control field 00590nam a22002057a 4500
005 - DATE AND TIME OF LATEST TRANSACTION
control field 20171219112650.0
010 ## - LCCN (DPL NO)
LC control number ENG-121906
020 ## - INTERNATIONAL STANDARD BOOK NUMBER
International Standard Book Number 9789384877095
Terms of availability 590.00
035 ## - SYSTEM CONTROL NUMBER
System control number EN-105438
037 ## - SOURCE OF ACQUISITION
Source of stock number/acquisition DBAD/PUB
082 ## - DEWEY DECIMAL CLASSIFICATION NUMBER
Classification number 551.4320954
100 ## - MAIN ENTRY--PERSONAL NAME
Personal name Singh,R.J
245 ## - TITLE STATEMENT
Title Mountains of India /
Statement of responsibility, etc by R,J.Singh
260 ## - PUBLICATION, DISTRIBUTION, ETC. (IMPRINT)
Place of publication, distribution, etc Delhi
Name of publisher, distributor, etc Hari books
Date of publication, distribution, etc 2016
270 ## - ADDRESS
Address E-77/354,Nehru camp,Juggi,I.P.ext.
City Delhi
Postal code 110091
300 ## - PHYSICAL DESCRIPTION
Extent vi,144p.
Dimensions 23cm(Hb)
500 ## - GENERAL NOTE
General note Includes bibliographical references
700 ## - ADDED ENTRY--PERSONAL NAME
Personal name Singh,R.J
942 ## - ADDED ENTRY ELEMENTS (KOHA)
Source of classification or shelving scheme Dewey Decimal Classification
Item type English Books
Classification part 551.4320954
Call number suffix SIN
Holdings
Withdrawn status Lost status Not for loan Collection code Home library Current library Date acquired Source of acquisition Cost, normal purchase price Full call number Barcode Copy number Cost, replacement price Koha item type
    Not For Loan Non-fiction D.B.Act.Division Bawana 19/12/2017 DBAD/PUB 590.00 551.4320954 SIN EN-105438 1 590.00 English Books

© Delhi Public Library
Hit Counter
free hit counter